00621nam a2200169Ia 4500008004100000100001500041245011800056245003400174260003900208260000900247300001100256650001800267650001500285856005900300999001900359952007300378170221s9999 xx 000 0 und d aHonglu Fan aBrief Analysis of Social Capital Application in Community Participatory Governance from the Perspective of NIMBY  cHonglu Fan, Lin Lu, Yin Zhang bStudies in Media and Communication c2014 a34 : 4 xCommunication xMedia Arts uhttp://redfame.com/journal/index.php/smc/issue/view/44 c310785d310785 001040aCLbCLd2017-02-21l0r2017-02-21 00:00:00w2017-02-21yFOJ